| 000 | 00698nam a22002411 4500 | ||
|---|---|---|---|
| 999 |
_c4899 _d4899 |
||
| 003 | ALUPE UNIVERSITY | ||
| 005 | 20220330111852.0 | ||
| 008 | 930225s1986 enk 001 0 eng d | ||
| 020 | _a0232516952 | ||
| 040 | _cALUPE UNIVERSITY | ||
| 050 | 1 | 4 |
_aBV4011 _b.C36 1981 |
| 092 | _aD0501099034 | ||
| 100 | 1 | _aCampbell, Alastair V. | |
| 245 | 1 | 0 |
_aRediscovering pastoral care / _cAlastair V. Campbell |
| 250 | _a2nd ed | ||
| 260 |
_aLondon : _bDarton, Longman & Todd, _cc1986. |
||
| 300 |
_a[144] p ; _c22 c |
||
| 650 | 0 | _aPastoral theology | |
| 942 |
_2lcc _cBK |
||